000 00480nam a22001337a 4500
080 _a347.1 / 13 L 553
100 _aLeonfanti, Maria Antonia
245 _aDerecho de Necesidad
260 _aBuenos Aires:
_bAstrea,
_c1980
300 _a247 P.
650 _xderecho de necesidad
_xefectos
_xrequisitos
_xlegislacion argentina
_xjurisprudencia
_xdocumentos eclesiasticos
_xrerum novarum
_xestado de necesidad
_xderecho natural
_xderechos subjetivos
945 _acd
_d2023-05-02
999 _c5285
_d235789
942 _6_